'Friends' 10-to-1 Quiz Stats

 Plays Quiz Updated May 24, 2016

Score 0/55 Timer 07:00
99 Plays Today
% Correct
Brad Pitt
81.9%
Duck
81.8%
Chick
81.6%
Duck Junior
79.4%
Jennifer Aniston
78.3%
David Schwimmer
78.3%
Courteney Cox
78.2%
Matthew Perry
78.1%
Chick Junior
78.1%
Marcel
77.9%
Matt LeBlanc
77.8%
Ben
77.5%
Emma
77.1%
Lisa Kudrow
77%
Danny DeVito
76.2%
George Clooney
76%
Ursula
75.2%
Carol
72.8%
Emily
72.8%
Rachel
71.6%
Amy
68.6%
Jill
68.1%
Mrs. Whiskerson
67.5%
Denise Richards
67.4%
Dakota Fanning
67%
Jean-Claude Van Damme
66%
Elle Macpherson
64.6%
Winona Ryder
64.6%
% Correct
Jack
64.4%
Frank Junior Junior
63.4%
Cindy Crawford
63.3%
Ralph Lauren
62.1%
Sean Penn
61.5%
Leslie
60.7%
Erica
60.7%
Isabella Rossellini
60.3%
Janice Litman Goralnik
60.2%
Jessica Rabbit
59.4%
Halle Berry
59.4%
Jeff Goldblum
57.4%
Yasmine Bleeth
56.7%
Richard Burke
56.6%
Sarah Ferguson, Duchess of York
56.6%
Chandler
56.4%
Kim Basinger
55.4%
Bob
54.3%
John Stamos
54%
Charlton Heston
53.6%
Barry Farber
52%
Donny Osmond
49.9%
Julio
48.9%
Susie
45.7%
Jill Goodacre
45.5%
Jay Leno
41.8%
Charlie Wheeler
39.1%

You're not logged in!

Compare scores with friends on all Sporcle quizzes.
OR
Log In

Show Comments

Extras

Top Quizzes Today


Score Distribution

Your Account Isn't Verified!

In order to create a playlist on Sporcle, you need to verify the email address you used during registration. Go to your Sporcle Settings to finish the process.

Report this User

Report this user for behavior that violates our Community Guidelines.

Details: